[Event "Sabadell op 4th"]
[Site "Sabadell"]
[Date "2011.08.17"]
[Round "8"]
[White "Pulvett Marin, Daniel"]
[Black "Cuenca Jimenez, Jose Fernando"]
[Result "1-0"]
[WhiteElo "2303"]
[BlackElo "2480"]
[PlyCount "46"]
[EventDate "2011.08.10"]
[EventType "swiss"]
[EventRounds "9"]
[EventCountry "ESP"]
[SourceTitle "CBM 144 Extra"]
[Source "ChessBase"]
[SourceDate "2011.10.28"]
[SourceVersion "1"]
[SourceVersionDate "2011.10.28"]
[SourceQuality "1"]

1. d4 d6 2. c4 Nf6 3. Nc3 g6 4. e4 Bg7 5. Nf3 O-O 6. Be2 Na6 7. O-O e5 8. Be3
Ng4 9. Bg5 Qe8 10. dxe5 dxe5 11. h3 f6 12. Bc1 Nh6 13. Rb1 Nc5 14. b4 Ne6 15.
b5 Rf7 16. Be3 Rd7 17. Qc1 Nf7 18. c5 c6 19. bxc6 bxc6 20. Bc4 Nd4 21. Bxd4
exd4 22. Ne2 Re7 23. Nexd4 Kh8 1-0

[Event "Roquetas de Mar op 23rd"]
[Site "Roquetas de Mar"]
[Date "2012.01.06"]
[Round "9"]
[White "Paunovic, Dragan"]
[Black "Cuenca Jimenez, Jose Fernando"]
[Result "1/2-1/2"]
[WhiteElo "2520"]
[BlackElo "2474"]
[PlyCount "49"]
[EventDate "2012.01.02"]
[EventType "swiss"]
[EventRounds "9"]
[EventCountry "ESP"]
[SourceTitle "CBM 146 Extra"]
[Source "ChessBase"]
[SourceDate "2012.02.29"]
[SourceVersion "1"]
[SourceVersionDate "2012.02.29"]
[SourceQuality "1"]

1. Nf3 c5 2. g3 g6 3. Bg2 Bg7 4. O-O Nc6 5. c4 e5 6. Nc3 d6 7. a3 a5 8. d3 Nge7
9. Bd2 O-O 10. Rb1 Rb8 11. Ne1 Be6 12. Nc2 d5 13. cxd5 Nxd5 14. Nxd5 Bxd5 15.
Bxd5 Qxd5 16. b4 axb4 17. axb4 cxb4 18. Nxb4 Nxb4 19. Rxb4 Rfc8 20. Qb3 Qxb3
21. Rxb3 Rc2 22. Be3 Rxe2 23. Rfb1 h5 24. Rxb7 Rxb7 25. Rxb7 1/2-1/2

[Event "Hamburg St Pauli op"]
[Site "Hamburg"]
[Date "2012.07.07"]
[Round "1"]
[White "Cuenca Jimenez, Jose Fernando"]
[Black "Manthey, Juergen"]
[Result "1-0"]
[WhiteElo "2477"]
[BlackElo "2032"]
[PlyCount "65"]
[EventDate "2012.07.07"]
[EventType "swiss"]
[EventRounds "9"]
[EventCountry "GER"]
[SourceTitle "EXT 2013"]
[Source "ChessBase"]
[SourceDate "2012.11.22"]
[SourceVersion "1"]
[SourceVersionDate "2012.11.22"]
[SourceQuality "1"]

1. Nf3 c5 2. c4 Nc6 3. d4 cxd4 4. Nxd4 g6 5. e4 Bg7 6. Be3 d6 7. Nc3 Nf6 8. Be2
O-O 9. O-O Bd7 10. Nc2 Qc8 11. f3 Rd8 12. Qd2 Ne5 13. Na3 Bc6 14. Rac1 b6 15.
b4 Qb7 16. h3 Rac8 17. Rfd1 e6 18. Bg5 Qe7 19. f4 Ned7 20. Bf3 h6 21. Bh4 e5
22. Nab5 Bxb5 23. Nxb5 exf4 24. Nxa7 g5 25. Nxc8 Rxc8 26. Bf2 Nxe4 27. Bxe4
Qxe4 28. Qd5 Qxd5 29. Rxd5 Be5 30. a4 Nf6 31. Rb5 Ne4 32. Bxb6 Nc3 33. Rxe5 1-0

[Event "Hamburg St Pauli op"]
[Site "Hamburg"]
[Date "2012.07.08"]
[Round "2"]
[White "De Andres Gonalons, Fernando"]
[Black "Cuenca Jimenez, Jose Fernando"]
[Result "0-1"]
[WhiteElo "2123"]
[BlackElo "2477"]
[PlyCount "82"]
[EventDate "2012.07.07"]
[EventType "swiss"]
[EventRounds "9"]
[EventCountry "GER"]
[SourceTitle "EXT 2013"]
[Source "ChessBase"]
[SourceDate "2012.11.22"]
[SourceVersion "1"]
[SourceVersionDate "2012.11.22"]
[SourceQuality "1"]

1. d4 Nf6 2. c4 g6 3. g3 Bg7 4. Bg2 O-O 5. Nf3 d6 6. O-O c6 7. Nc3 Qb6 8. h3
Qa6 9. Nd2 d5 10. c5 b6 11. cxb6 axb6 12. Kh2 Nbd7 13. e3 e5 14. b4 exd4 15.
exd4 Qd3 16. Ndb1 Ba6 17. Qxd3 Bxd3 18. Rd1 Bc2 19. Rd2 Bxb1 20. Rxb1 b5 21.
Rc2 Nb6 22. Nd1 Nc4 23. Ne3 Rfb8 24. Bf3 Ne8 25. Nxc4 bxc4 26. Be3 Rb7 27. b5
Nc7 28. b6 Ne6 29. Rxc4 dxc4 30. Bxc6 Nd8 31. Bxb7 Nxb7 32. Rb4 Bf8 33. Rxc4
Bd6 34. a4 Kf8 35. Kg2 Ke7 36. Kf3 Ke6 37. Ke4 f5+ 38. Kd3 Kd5 39. Bd2 Na5 40.
Rc2 Nb3 41. Bc3 Rxa4 0-1

[Event "Hamburg St Pauli op"]
[Site "Hamburg"]
[Date "2012.07.09"]
[Round "3"]
[White "Cuenca Jimenez, Jose Fernando"]
[Black "Nedic, Dusan"]
[Result "1-0"]
[WhiteElo "2477"]
[BlackElo "2296"]
[PlyCount "119"]
[EventDate "2012.07.07"]
[EventType "swiss"]
[EventRounds "9"]
[EventCountry "GER"]
[SourceTitle "EXT 2013"]
[Source "ChessBase"]
[SourceDate "2012.11.22"]
[SourceVersion "1"]
[SourceVersionDate "2012.11.22"]
[SourceQuality "1"]

1. e4 c5 2. Nf3 d6 3. d4 cxd4 4. Nxd4 Nf6 5. Nc3 a6 6. h3 e5 7. Nde2 Be7 8. g4
Be6 9. Bg2 O-O 10. Ng3 g6 11. Bh6 Re8 12. Qd2 Kh8 13. O-O Nbd7 14. Nd5 Bxd5 15.
exd5 Rc8 16. Be3 Qc7 17. g5 Ng8 18. Rac1 f5 19. gxf6 Ngxf6 20. c4 a5 21. b3 Bf8
22. Kh1 Nc5 23. f4 exf4 24. Rxf4 Bg7 25. Bd4 Ng8 26. Bxc5 dxc5 27. d6 Qd7 28.
Ne4 Re5 29. Rcf1 Rf5 30. Qxa5 Bd4 31. Qb5 Rc6 32. Rxf5 gxf5 33. Nxc5 Qxd6 34.
Nxb7 Qg3 35. Nd8 Rf6 36. Rf3 Qe1+ 37. Rf1 Qg3 38. Qd5 Bb6 39. Rf3 Qe1+ 40. Rf1
Qg3 41. Ne6 Rxe6 42. Qxe6 Bc7 43. Kg1 Qh2+ 44. Kf2 Qg3+ 45. Ke2 Qxg2+ 46. Rf2
Qa8 47. a4 f4 48. c5 Qd8 49. b4 Nf6 50. b5 Nd5 51. Rf3 Qg5 52. Kd3 Nf6 53. Qc8+
Ng8 54. Qxc7 Qd5+ 55. Ke2 Qa2+ 56. Kf1 Qb1+ 57. Kg2 Qc2+ 58. Rf2 Qg6+ 59. Kh1
Qe4+ 60. Kh2 1-0

[Event "Hamburg St Pauli op"]
[Site "Hamburg"]
[Date "2012.07.11"]
[Round "5"]
[White "Cuenca Jimenez, Jose Fernando"]
[Black "Carlstedt, Jonathan"]
[Result "1-0"]
[WhiteElo "2477"]
[BlackElo "2352"]
[PlyCount "65"]
[EventDate "2012.07.07"]
[EventType "swiss"]
[EventRounds "9"]
[EventCountry "GER"]
[SourceTitle "EXT 2013"]
[Source "ChessBase"]
[SourceDate "2012.11.22"]
[SourceVersion "1"]
[SourceVersionDate "2012.11.22"]
[SourceQuality "1"]

1. c4 e6 2. Nf3 g6 3. g3 Bg7 4. Bg2 Ne7 5. O-O d5 6. d4 O-O 7. Nbd2 Nbc6 8. e3
a5 9. Qc2 a4 10. a3 b6 11. Rd1 Bb7 12. b4 axb3 13. Nxb3 dxc4 14. Qxc4 Qd5 15.
Qc2 Rfc8 16. Bd2 Ra7 17. e4 Qd7 18. Bc3 Qd6 19. Nbd2 Ba6 20. Qb2 Nd8 21. Nf1
Qc6 22. Ne3 Bb7 23. Rac1 h5 24. d5 Bxc3 25. Rxc3 Qa4 26. Nd4 exd5 27. exd5 Ra5
28. Ndc2 Qd7 29. Rcd3 Qe8 30. Qf6 Ba6 31. Rd4 Kf8 32. Re4 Qd7 33. Rxe7 1-0

[Event "Hamburg St Pauli op"]
[Site "Hamburg"]
[Date "2012.07.13"]
[Round "7"]
[White "Kopylov, Michael"]
[Black "Cuenca Jimenez, Jose Fernando"]
[Result "1-0"]
[WhiteElo "2466"]
[BlackElo "2477"]
[PlyCount "68"]
[EventDate "2012.07.07"]
[EventType "swiss"]
[EventRounds "9"]
[EventCountry "GER"]
[SourceTitle "EXT 2013"]
[Source "ChessBase"]
[SourceDate "2012.11.22"]
[SourceVersion "1"]
[SourceVersionDate "2012.11.22"]
[SourceQuality "1"]

1. d4 Nf6 2. c4 c5 3. d5 b5 4. Nf3 g6 5. Qc2 d6 6. e4 Bg7 7. cxb5 O-O 8. Nc3 a6
9. a4 e6 10. dxe6 fxe6 11. Bg5 Qa5 12. Bd2 Qc7 13. Bc4 axb5 14. Nxb5 Qc6 15.
Nxd6 Qxd6 16. e5 Qb6 17. exf6 Bxf6 18. O-O Nc6 19. Qe4 Re8 20. Bc3 Bxc3 21.
bxc3 Bb7 22. Rab1 Qc7 23. Ng5 Nd8 24. Nxe6 Rxe6 25. Bxe6+ Kg7 26. Bd5 Bxd5 27.
Qxd5 Rxa4 28. Rfd1 Nf7 29. Rb7 Qf4 30. f3 Qf6 31. Qb3 Ra8 32. Rdd7 Rf8 33. Qd5
h5 34. Qxc5 h4 1-0

[Event "Hamburg St Pauli op"]
[Site "Hamburg"]
[Date "2012.07.14"]
[Round "8"]
[White "Cuenca Jimenez, Jose Fernando"]
[Black "Colpe, Malte"]
[Result "1-0"]
[WhiteElo "2477"]
[BlackElo "2284"]
[PlyCount "85"]
[EventDate "2012.07.07"]
[EventType "swiss"]
[EventRounds "9"]
[EventCountry "GER"]
[SourceTitle "EXT 2013"]
[Source "ChessBase"]
[SourceDate "2012.11.22"]
[SourceVersion "1"]
[SourceVersionDate "2012.11.22"]
[SourceQuality "1"]

1. Nf3 Nf6 2. c4 b6 3. g3 Bb7 4. Bg2 g6 5. O-O Bg7 6. d4 O-O 7. d5 Na6 8. Nc3
Nc5 9. Qc2 a5 10. e4 d6 11. Rb1 e5 12. b3 Bc8 13. Nd2 Nh5 14. a3 f5 15. b4 axb4
16. axb4 Na6 17. Ba3 f4 18. c5 Qg5 19. Nf3 Qh6 20. cxb6 Bg4 21. Bc1 cxb6 22.
Nb5 Rfc8 23. Qd3 g5 24. Bd2 Qg6 25. Rfc1 Bxf3 26. Bxf3 g4 27. Bg2 f3 28. Bf1
Bh6 29. Rxc8+ Rxc8 30. Bxh6 Qxh6 31. Na7 Rc7 32. Qxa6 Rc2 33. Qxb6 Nf6 34. Re1
Qd2 35. Qe3 Qxb4 36. Nc6 Qb2 37. Bd3 Rc3 38. Qg5+ Kf7 39. Nd8+ Ke7 40. Ne6 Rxd3
41. Qg7+ Ke8 42. Qf8+ Kd7 43. Qd8# 1-0

[Event "Hamburg St Pauli op"]
[Site "Hamburg"]
[Date "2012.07.15"]
[Round "9"]
[White "Okhotnik, Vladimir"]
[Black "Cuenca Jimenez, Jose Fernando"]
[Result "0-1"]
[WhiteElo "2446"]
[BlackElo "2477"]
[PlyCount "94"]
[EventDate "2012.07.07"]
[EventType "swiss"]
[EventRounds "9"]
[EventCountry "GER"]
[SourceTitle "EXT 2013"]
[Source "ChessBase"]
[SourceDate "2012.11.22"]
[SourceVersion "1"]
[SourceVersionDate "2012.11.22"]
[SourceQuality "1"]

1. e4 c5 2. Nf3 Nc6 3. Bb5 g6 4. Bxc6 dxc6 5. d3 Bg7 6. h3 Nf6 7. Nc3 Nd7 8.
O-O e5 9. Nh2 Nf8 10. f4 exf4 11. Bxf4 Ne6 12. Bg3 Nd4 13. Nf3 O-O 14. Qd2 f5
15. exf5 Nxf3+ 16. Rxf3 Bxf5 17. Bf2 c4 18. d4 Qd7 19. Rd1 b5 20. a3 a5 21. Qc1
Rae8 22. b4 cxb3 23. cxb3 Be6 24. Rxf8+ Rxf8 25. Qc2 Qf7 26. d5 Bf5 27. Qd2 b4
28. axb4 axb4 29. Na2 Be4 30. Nxb4 Bc3 31. Qe2 Bxb4 32. Qxe4 Qxf2+ 33. Kh1 c5
34. d6 Qf7 35. d7 Rd8 36. Qc6 Qe7 37. Rd6 Bc3 38. Rd1 Bd4 39. b4 Qxd7 40. Qb6
Qd6 41. bxc5 Qxb6 42. cxb6 Bxb6 43. Rb1 Bf2 44. Rb3 Re8 45. Rf3 Re1+ 46. Kh2
Bg1+ 47. Kg3 Re3 0-1

[Event "ESP-chT CECLUB Honor"]
[Site "Leon"]
[Date "2012.11.05"]
[Round "1.1"]
[White "Valdes Romero, Leonardo"]
[Black "Cuenca Jimenez, Jose Fernando"]
[Result "1-0"]
[WhiteElo "2414"]
[BlackElo "2490"]
[PlyCount "53"]
[EventDate "2012.11.05"]
[EventType "team-tourn"]
[EventRounds "7"]
[EventCountry "ESP"]
[SourceTitle "EXT 2013"]
[Source "ChessBase"]
[SourceDate "2012.11.22"]
[SourceVersion "1"]
[SourceVersionDate "2012.11.22"]
[SourceQuality "1"]
[WhiteTeam "Foment Martinenc"]
[BlackTeam "Barcelona Uga"]
[WhiteTeamCountry "ESP"]
[BlackTeamCountry "ESP"]

1. Nf3 Nf6 2. c4 g6 3. g3 Bg7 4. Bg2 O-O 5. Nc3 d6 6. d4 c6 7. O-O Qb6 8. b3 e5
9. c5 dxc5 10. Na4 Qa5 11. dxe5 Ng4 12. Bd2 Qb5 13. Rc1 Nd7 14. e6 fxe6 15. Ng5
Re8 16. Bh3 h5 17. Ne4 Bf8 18. Qc2 Qxe2 19. Nec3 Qe5 20. Qxg6+ Qg7 21. Qxe8
Nde5 22. Ne4 Nf3+ 23. Kg2 Nh4+ 24. Kh1 Qd4 25. Naxc5 e5 26. Be3 Qb2 27. gxh4
1-0

[Event "ESP-chT CECLUB Honor"]
[Site "Leon"]
[Date "2012.11.06"]
[Round "2.1"]
[White "Cuenca Jimenez, Jose Fernando"]
[Black "Svetushkin, Dmitry"]
[Result "1/2-1/2"]
[WhiteElo "2490"]
[BlackElo "2589"]
[PlyCount "119"]
[EventDate "2012.11.05"]
[EventType "team-tourn"]
[EventRounds "7"]
[EventCountry "ESP"]
[SourceTitle "EXT 2013"]
[Source "ChessBase"]
[SourceDate "2012.11.22"]
[SourceVersion "1"]
[SourceVersionDate "2012.11.22"]
[SourceQuality "1"]
[WhiteTeam "Barcelona Uga"]
[BlackTeam "Extremadura"]
[WhiteTeamCountry "ESP"]
[BlackTeamCountry "ESP"]

1. e4 g6 2. d4 Bg7 3. Nc3 c6 4. Nf3 d6 5. a4 Nf6 6. h3 O-O 7. Be3 Nbd7 8. a5
Qc7 9. Qd2 Rb8 10. Bd3 b5 11. axb6 axb6 12. O-O e5 13. dxe5 Nxe5 14. Nxe5 dxe5
15. b4 Nh5 16. b5 Nf4 17. bxc6 Qxc6 18. Bb5 Qe6 19. f3 Bb7 20. Ra7 Rbd8 21. Qf2
Bc6 22. Ba6 Ra8 23. Bxb6 Bxe4 24. fxe4 Rxa7 25. Bxa7 Qxa6 26. Bc5 Qc4 27. Bxf8
Bxf8 28. Qf3 Qxc3 29. Qxc3 Ne2+ 30. Kf2 Nxc3 31. Ke3 Na4 32. Kd3 Nc5+ 33. Kc4
Nxe4 34. Kd5 Nc3+ 35. Kxe5 Bg7+ 36. Kd6 h5 37. Re1 Bd4 38. Re8+ Kg7 39. Rc8 h4
40. Rc4 Bf6 41. Kd7 g5 42. Ke8 Nd5 43. Re4 Bc3 44. Rc4 Bf6 45. Re4 Nc3 46. Rb4
Kg6 47. Rb7 Ne4 48. Rb6 Kf5 49. Kxf7 Bd4 50. Rb5+ Be5 51. Rb1 Nd6+ 52. Ke7 Nc4
53. Re1 Bf4 54. Re2 Ne3 55. Kf7 Ke4 56. Kg6 Kd4 57. Kh5 Kc3 58. Rf2 Nxc2 59.
Rxf4 gxf4 60. Kg4 1/2-1/2

[Event "ESP-chT CECLUB Honor"]
[Site "Leon"]
[Date "2012.11.07"]
[Round "3.1"]
[White "Bauer, Christian"]
[Black "Cuenca Jimenez, Jose Fernando"]
[Result "1-0"]
[WhiteElo "2639"]
[BlackElo "2490"]
[PlyCount "77"]
[EventDate "2012.11.05"]
[EventType "team-tourn"]
[EventRounds "7"]
[EventCountry "ESP"]
[SourceTitle "EXT 2013"]
[Source "ChessBase"]
[SourceDate "2012.11.22"]
[SourceVersion "1"]
[SourceVersionDate "2012.11.22"]
[SourceQuality "1"]
[WhiteTeam "Gros Xake Taldea"]
[BlackTeam "Barcelona Uga"]
[WhiteTeamCountry "ESP"]
[BlackTeamCountry "ESP"]

1. e4 e5 2. Nf3 Nc6 3. Bb5 Nd4 4. Nxd4 exd4 5. O-O c6 6. Ba4 Nf6 7. Re1 d6 8.
d3 Be7 9. c3 Qb6 10. h3 d5 11. e5 Ng8 12. Nd2 Nh6 13. Nf3 Nf5 14. Bb3 dxc3 15.
bxc3 O-O 16. d4 Bd7 17. Qd3 g6 18. g4 Ng7 19. Bh6 a5 20. Rab1 Qd8 21. Qe3 Re8
22. Bc2 b5 23. Kg2 Ne6 24. h4 c5 25. h5 cxd4 26. cxd4 Rc8 27. Rec1 Rc4 28. Bd3
Bc6 29. Kg3 Qd7 30. a4 b4 31. hxg6 hxg6 32. Rh1 Rc3 33. Rbc1 Rxc1 34. Qxc1 Bxa4
35. Bg7 g5 36. Bh6 f6 37. Bf5 Qc8 38. Qb1 Bf8 39. Bxe6+ 1-0

[Event "ESP-chT CECLUB Honor"]
[Site "Leon"]
[Date "2012.11.08"]
[Round "4.1"]
[White "Cuenca Jimenez, Jose Fernando"]
[Black "Ivanov, Sergey1"]
[Result "0-1"]
[WhiteElo "2490"]
[BlackElo "2542"]
[PlyCount "46"]
[EventDate "2012.11.05"]
[EventType "team-tourn"]
[EventRounds "7"]
[EventCountry "ESP"]
[SourceTitle "EXT 2013"]
[Source "ChessBase"]
[SourceDate "2012.11.22"]
[SourceVersion "1"]
[SourceVersionDate "2012.11.22"]
[SourceQuality "1"]
[WhiteTeam "Barcelona Uga"]
[BlackTeam "Reverte Albox"]
[WhiteTeamCountry "ESP"]
[BlackTeamCountry "ESP"]

1. e4 e6 2. d4 d5 3. Nc3 Bb4 4. e5 Ne7 5. a3 Bxc3+ 6. bxc3 c5 7. Qg4 cxd4 8.
Qxg7 Rg8 9. Qxh7 Qc7 10. Ne2 Nbc6 11. f4 Bd7 12. Qd3 dxc3 13. Qxc3 Nf5 14. Rb1
d4 15. Qd3 O-O-O 16. Rg1 Na5 17. Rb4 a6 18. g4 Nh4 19. Nxd4 Bb5 20. Nxb5 axb5
21. Qe4 Qc3+ 22. Ke2 Nc6 23. Rb1 Rd4 0-1

[Event "ESP-chT CECLUB Honor"]
[Site "Leon"]
[Date "2012.11.09"]
[Round "5.1"]
[White "Ganguly, Surya Shekhar"]
[Black "Cuenca Jimenez, Jose Fernando"]
[Result "1-0"]
[WhiteElo "2619"]
[BlackElo "2490"]
[PlyCount "189"]
[EventDate "2012.11.05"]
[EventType "team-tourn"]
[EventRounds "7"]
[EventCountry "ESP"]
[SourceTitle "EXT 2013"]
[Source "ChessBase"]
[SourceDate "2012.11.22"]
[SourceVersion "1"]
[SourceVersionDate "2012.11.22"]
[SourceQuality "1"]
[WhiteTeam "Solvay"]
[BlackTeam "Barcelona Uga"]
[WhiteTeamCountry "ESP"]
[BlackTeamCountry "ESP"]

1. d4 Nf6 2. c4 c5 3. d5 b5 4. cxb5 a6 5. bxa6 g6 6. Nc3 Bxa6 7. Nf3 d6 8. g3
Bg7 9. Bg2 Nfd7 10. O-O Nb6 11. Qc2 N8d7 12. Nd2 O-O 13. Re1 Bb7 14. e4 Ba6 15.
Rd1 Ne5 16. Nf1 Nbc4 17. a4 Qa5 18. Rb1 Rfb8 19. Na2 Bc8 20. Nc3 Bg4 21. Re1
Na3 22. bxa3 Rxb1 23. Qxb1 Qxc3 24. Re3 Qa5 25. Rb3 h5 26. Bg5 Bf6 27. Rb8+ Kg7
28. Bxf6+ exf6 29. Rxa8 Qxa8 30. f4 Nc4 31. Qb5 Na5 32. Ne3 Qa7 33. h3 Bd7 34.
Qb2 c4 35. Qc3 Bxa4 36. g4 hxg4 37. hxg4 Nb3 38. Kf2 Bb5 39. Bf1 Nc5 40. Kf3
Qe7 41. Qd4 Nb3 42. Qb2 Nc5 43. Qc2 Nb3 44. Qb2 Nc5 45. Qb1 Nb3 46. Kf2 Ba6 47.
Bg2 Nc5 48. Kg3 Qa7 49. g5 Nd7 50. Ng4 Qd4 51. Qh1 fxg5 52. f5 Kf8 53. Qh6+ Qg7
54. Qxg5 f6 55. Qf4 Ne5 56. Nxe5 dxe5 57. Qe3 gxf5+ 58. Kf2 Qc7 59. Qh6+ Qg7
60. Qxg7+ Kxg7 61. exf5 Kf8 62. d6 Ke8 63. Bc6+ Kd8 64. Ke3 c3 65. a4 Bc8 66.
a5 Ba6 67. Ba4 Kc8 68. Be8 Bc4 69. Bc6 Ba6 70. Ba4 Bc4 71. Ke4 Bb5 72. Bc2 Bc6+
73. Kd3 Kd7 74. Kxc3 Kxd6 75. Kc4 Bd5+ 76. Kb5 e4 77. a6 e3 78. Bd3 Be4 79.
Bxe4 e2 80. a7 e1=Q 81. a8=Q Qe2+ 82. Kb4 Qd2+ 83. Kc4 Qc1+ 84. Kd4 Qg1+ 85.
Kd3 Qd1+ 86. Ke3 Qe1+ 87. Kf3 Qf1+ 88. Kg4 Qd1+ 89. Bf3 Qg1+ 90. Bg2 Qd1+ 91.
Qf3 Qa1 92. Qe4 Qd1+ 93. Kh4 Qd2 94. Qe6+ Kc7 95. Qc6+ 1-0

[Event "ESP-chT CECLUB Honor"]
[Site "Leon"]
[Date "2012.11.10"]
[Round "6.1"]
[White "Cuenca Jimenez, Jose Fernando"]
[Black "Fier, Alexandr"]
[Result "1-0"]
[WhiteElo "2490"]
[BlackElo "2567"]
[PlyCount "81"]
[EventDate "2012.11.05"]
[EventType "team-tourn"]
[EventRounds "7"]
[EventCountry "ESP"]
[SourceTitle "EXT 2013"]
[Source "ChessBase"]
[SourceDate "2012.11.22"]
[SourceVersion "1"]
[SourceVersionDate "2012.11.22"]
[SourceQuality "1"]
[WhiteTeam "Barcelona Uga"]
[BlackTeam "Equigoma"]
[WhiteTeamCountry "ESP"]
[BlackTeamCountry "ESP"]

1. e4 d6 2. d4 Nf6 3. Nc3 g6 4. Nf3 Bg7 5. h3 O-O 6. Be3 c6 7. a4 Nbd7 8. a5 e5
9. dxe5 dxe5 10. Qd6 Ne8 11. Qd2 Qe7 12. Bc4 Kh8 13. O-O f5 14. Bg5 Bf6 15. Bh6
Ng7 16. Rfd1 Qb4 17. Ra4 Qe7 18. Raa1 Qb4 19. Bb3 f4 20. Qd6 Qxd6 21. Rxd6 Nc5
22. Bc4 Be7 23. Rd2 Bf6 24. Ng5 Bxg5 25. Bxg5 Be6 26. Bf1 Rae8 27. b4 Nd7 28.
Rad1 Nf6 29. Rd6 a6 30. f3 Ng8 31. Na4 Rf7 32. Nc5 h6 33. Bh4 g5 34. Be1 Rfe7
35. Bc3 Bc8 36. Bc4 Kh7 37. Rd8 Nf6 38. Rxe8 Rxe8 39. Rd6 Nfh5 40. Bf7 Ng3 41.
Bg6+ 1-0

[Event "Roquetas de Mar op 24th"]
[Site "Roquetas de Mar"]
[Date "2013.01.02"]
[Round "1"]
[White "Valero Fuertes, Carlos"]
[Black "Cuenca Jimenez, Jose Fernando"]
[Result "0-1"]
[WhiteElo "2058"]
[BlackElo "2479"]
[PlyCount "82"]
[EventDate "2013.01.02"]
[EventType "swiss"]
[EventRounds "9"]
[EventCountry "ESP"]
[SourceTitle "CBM 152 Extra"]
[Source "ChessBase"]
[SourceDate "2013.02.25"]
[SourceVersion "1"]
[SourceVersionDate "2013.02.25"]
[SourceQuality "1"]

1. d4 Nf6 2. Nf3 g6 3. c4 Bg7 4. Nc3 O-O 5. e4 d6 6. h3 Na6 7. Be3 e5 8. d5 Nc5
9. Nd2 a5 10. Be2 Ne8 11. g4 f5 12. g5 Qe7 13. h4 Bd7 14. Rg1 c6 15. Qc2 Nc7
16. Bxc5 dxc5 17. h5 gxh5 18. Bxh5 cxd5 19. Nxd5 Nxd5 20. cxd5 b5 21. Qb3 c4
22. Qc3 Qc5 23. Qe3 Qd4 24. O-O-O Rac8 25. exf5 Bxf5 26. Nf3 Qe4 27. Qxe4 Bxe4
28. Rg3 Rcd8 29. Bg4 Kh8 30. d6 Rf4 31. Nd2 Bd3 32. d7 Rxf2 33. Rf3 Rxf3 34.
Nxf3 e4 35. Ne1 Be5 36. Nxd3 cxd3 37. Rf1 e3 38. Rf7 e2 39. Kd2 Bg3 40. Bxe2
dxe2 41. Kxe2 Bd6 0-1

[Event "Roquetas de Mar op 24th"]
[Site "Roquetas de Mar"]
[Date "2013.01.03"]
[Round "2"]
[White "Cuenca Jimenez, Jose Fernando"]
[Black "Claros Egea, Christian"]
[Result "1-0"]
[WhiteElo "2479"]
[BlackElo "2231"]
[PlyCount "97"]
[EventDate "2013.01.02"]
[EventType "swiss"]
[EventRounds "9"]
[EventCountry "ESP"]
[SourceTitle "CBM 152 Extra"]
[Source "ChessBase"]
[SourceDate "2013.02.25"]
[SourceVersion "1"]
[SourceVersionDate "2013.02.25"]
[SourceQuality "1"]

1. e4 e6 2. d4 d5 3. Nc3 Bb4 4. e5 c5 5. a3 Bxc3+ 6. bxc3 Ne7 7. Qg4 Qc7 8.
Qxg7 Rg8 9. Qxh7 cxd4 10. Ne2 Nbc6 11. f4 Bd7 12. Qd3 dxc3 13. Rb1 Nf5 14. Qxc3
O-O-O 15. Rg1 d4 16. Qd3 Na5 17. Rb4 a6 18. g4 Nh4 19. a4 Bc6 20. Rg3 Nf3+ 21.
Rxf3 Bxf3 22. Qxf3 Qxc2 23. Bd2 Nc6 24. Rb6 Qxa4 25. Nc1 Kc7 26. Rb1 Rd5 27.
Nd3 Qa3 28. h4 Rb5 29. Rc1 Kb8 30. Be2 Na5 31. Nc5 Qxf3 32. Bxf3 Nb3 33. Nxb3
Rxb3 34. Ke2 Rb2 35. h5 a5 36. Ra1 Rc8 37. Be4 b6 38. h6 Rb3 39. Bd3 Rh8 40. h7
Rxd3 41. Kxd3 Rxh7 42. Kxd4 Kb7 43. f5 Rh4 44. fxe6 fxe6 45. Rg1 Ka6 46. Be1
Rh6 47. g5 Rg6 48. Bd2 b5 49. Kc5 1-0

[Event "Roquetas de Mar op 24th"]
[Site "Roquetas de Mar"]
[Date "2013.01.04"]
[Round "4"]
[White "Nikolov, Momchil"]
[Black "Cuenca Jimenez, Jose Fernando"]
[Result "1/2-1/2"]
[WhiteElo "2545"]
[BlackElo "2479"]
[PlyCount "82"]
[EventDate "2013.01.02"]
[EventType "swiss"]
[EventRounds "9"]
[EventCountry "ESP"]
[SourceTitle "CBM 152 Extra"]
[Source "ChessBase"]
[SourceDate "2013.02.25"]
[SourceVersion "1"]
[SourceVersionDate "2013.02.25"]
[SourceQuality "1"]

1. d4 Nf6 2. c4 c5 3. d5 b5 4. cxb5 a6 5. bxa6 g6 6. Nc3 Bxa6 7. Nf3 d6 8. g3
Bg7 9. Bg2 Nfd7 10. Bd2 Nb6 11. Qc1 h6 12. b3 Bb7 13. e4 Ba6 14. Bf1 Qc8 15. h3
N8d7 16. a4 Nf6 17. Bxa6 Qxa6 18. Nb5 O-O 19. O-O Nxe4 20. Bxh6 Nxd5 21. Re1
Nef6 22. Qg5 Qb7 23. Bxg7 Kxg7 24. Nh4 Nh7 25. Qd2 Ndf6 26. Qe3 Rfe8 27. Rac1
Qd7 28. Kg2 Nd5 29. Qd2 Nhf6 30. Nf3 Rh8 31. h4 e5 32. Rc4 Nf4+ 33. Rxf4 exf4
34. Qxf4 Rae8 35. Rd1 d5 36. b4 cxb4 37. Qxb4 Qg4 38. Rd4 Ne4 39. Nc3 Qf5 40.
Nxe4 dxe4 41. Rxe4 Rb8 1/2-1/2

[Event "Roquetas de Mar op 24th"]
[Site "Roquetas de Mar"]
[Date "2013.01.04"]
[Round "5"]
[White "Cuenca Jimenez, Jose Fernando"]
[Black "Khamrakulov, Ibragim S"]
[Result "1/2-1/2"]
[WhiteElo "2479"]
[BlackElo "2509"]
[PlyCount "100"]
[EventDate "2013.01.02"]
[EventType "swiss"]
[EventRounds "9"]
[EventCountry "ESP"]
[SourceTitle "CBM 152 Extra"]
[Source "ChessBase"]
[SourceDate "2013.02.25"]
[SourceVersion "1"]
[SourceVersionDate "2013.02.25"]
[SourceQuality "1"]

1. e4 c5 2. Nf3 e6 3. g3 Nc6 4. Bg2 g6 5. d4 cxd4 6. Nxd4 Qb6 7. Nb3 Bg7 8. O-O
Nge7 9. c4 O-O 10. Nc3 a6 11. Be3 Qc7 12. Bc5 f5 13. Qd2 fxe4 14. Nxe4 Qe5 15.
Rab1 d5 16. Nd6 Qh5 17. Rbe1 Rd8 18. Nxc8 Raxc8 19. Qe3 e5 20. cxd5 Nxd5 21.
Qe4 Nf6 22. Qc4+ Kh8 23. Qe6 e4 24. f4 Na5 25. Ba7 Nc4 26. Rc1 Re8 27. Qh3 Qb5
28. Rfe1 b6 29. Bf1 e3 30. Rxe3 Rc7 31. Rxc4 Rxc4 32. Rxe8+ Qxe8 33. Bxc4 Qe3+
34. Kf1 Qf3+ 35. Ke1 Ng4 36. Qf1 Qe4+ 37. Qe2 Qb1+ 38. Kd2 Qxb2+ 39. Kd1 Qb1+
40. Nc1 Bb2 41. Qe8+ Kg7 42. Qe7+ Kh6 43. Qh4+ Kg7 44. Qe7+ Kh6 45. Qg5+ Kg7
46. Qe7+ Kh6 47. Qg5+ Kg7 48. Qe7+ Kh6 49. Qg5+ Kg7 50. Qe7+ Kh6 1/2-1/2

[Event "Roquetas de Mar op 24th"]
[Site "Roquetas de Mar"]
[Date "2013.01.05"]
[Round "6"]
[White "Cuenca Jimenez, Jose Fernando"]
[Black "Das, Arghyadip"]
[Result "1/2-1/2"]
[WhiteElo "2479"]
[BlackElo "2466"]
[PlyCount "63"]
[EventDate "2013.01.02"]
[EventType "swiss"]
[EventRounds "9"]
[EventCountry "ESP"]
[SourceTitle "CBM 152 Extra"]
[Source "ChessBase"]
[SourceDate "2013.02.25"]
[SourceVersion "1"]
[SourceVersionDate "2013.02.25"]
[SourceQuality "1"]

1. e4 e6 2. d4 d5 3. Nc3 Nf6 4. Bg5 Bb4 5. e5 h6 6. Bd2 Bxc3 7. bxc3 Ne4 8. Qg4
Kf8 9. Bd3 Nxd2 10. Kxd2 c5 11. h4 Nc6 12. Nf3 c4 13. Be2 b5 14. a3 Bd7 15. Qf4
a5 16. g4 Ne7 17. h5 Rb8 18. Nh4 Kg8 19. Rag1 b4 20. g5 bxc3+ 21. Ke3 hxg5 22.
Rxg5 Rh7 23. Rhg1 Qf8 24. Qf6 Be8 25. Bg4 Kh8 26. Qf4 Bd7 27. Bh3 Ng8 28. Nf3
Qe7 29. Qg3 Qf8 30. Qf4 Qe7 31. Qg3 Qf8 32. Qf4 1/2-1/2